|
|
|
|
| LEADER |
01728nam a2200433 a 4500 |
| 001 |
000709545 |
| 003 |
CZ BrMZK |
| 005 |
20191009123527.0 |
| 007 |
ta |
| 008 |
040325s2003 xr e p 000 0 cze d |
| 015 |
|
|
|a cnb001309342
|
| 020 |
|
|
|a 80-7042-872-4
|q (brož.)
|
| 035 |
|
|
|a (OCoLC)56872331
|
| 040 |
|
|
|a BOA001
|b cze
|
| 072 |
|
7 |
|a 004.4/.6
|x Programování. Software
|2 Konspekt
|9 23
|
| 072 |
|
7 |
|a 37.016
|x Učební osnovy. Vyučovací předměty. Učebnice
|2 Konspekt
|9 22
|
| 080 |
|
|
|a 004.438Java
|2 MRF
|
| 080 |
|
|
|a 004.42.045
|2 MRF
|
| 080 |
|
|
|a 004.738.52:004.77
|2 MRF
|
| 080 |
|
|
|a (07)
|2 MRF
|
| 100 |
1 |
|
|a Bražina, David,
|d 1975-
|7 mzk2004228180
|4 aut
|
| 245 |
1 |
0 |
|a Programování pro internet :
|b [studijní materiály pro distanční kurz ...] /
|c David Bražina
|
| 250 |
|
|
|a Vyd. 1.
|
| 260 |
|
|
|a Ostrava :
|b Ostravská univerzita,
|c 2003
|
| 300 |
|
|
|a 89 s. ;
|c 30 cm
|
| 490 |
1 |
|
|a Systém celoživotního vzdělávání Moravskoslezska
|
| 500 |
|
|
|a Podnázev z tiráže
|
| 500 |
|
|
|a 50 výt.
|
| 504 |
|
|
|a Obsahuje bibliografii
|
| 521 |
|
|
|a Určeno výhradně pro kurzy Celoživotního vzdělávání Moravskoslezska
|
| 650 |
0 |
7 |
|a Java (programovací jazyk)
|7 ph117027
|2 czenas
|
| 650 |
0 |
7 |
|a objektově orientované programování
|7 ph115529
|2 czenas
|
| 650 |
0 |
7 |
|a WWW aplikace
|7 ph171364
|2 czenas
|
| 655 |
|
7 |
|a učební texty
|7 fd133599
|2 czenas
|
| 830 |
|
0 |
|a Systém celoživotního vzdělávání Moravskoslezska
|0 s
|
| 856 |
4 |
1 |
|u http://www.digitalniknihovna.cz/mzk/uuid/uuid:49c56710-f9a5-11e2-9923-005056827e52
|y Digitalizovaný dokument
|x NDK
|
| 910 |
|
|
|a BOA001
|b 3-1133.110
|
| 990 |
|
|
|a BK
|
| 996 |
6 |
|
|b 2610216198
|c 3-1133.110
|l MZK
|r Sklad / do 1 hodiny
|n 4
|p p.v.
|w 000709545
|u 000010
|a 1
|e BOA001
|j MZK50
|s P
|